00498 2200193 4500001002100000005001500021008004100036020001800077035001900095041000600114082001000120090001600130100001800146245005900164250001100223260002800234300003000262650001200292INLIS00000000000537220220310122242220310||||||||| | ||| |||| ||  a979-403-161-5 0010-0322000148 ai0 a581.5 a581.5 LOV p0 aA.R. Loveless00aPrinsip-Prinsip Biologi Tumbuhan untuk Daerah Tropik 1 ajil. 1 aJakartabGramediac1987 axi + 408 hlm.; 18 x 24 cm 0aBiologi